Normal view
MARC view
Entry Uniform Title
001 - CONTROL NUMBER
- control field: 22737
003 - CONTROL NUMBER IDENTIFIER
- control field: ARRUPE
005 - DATE AND TIME OF LATEST TRANSACTION
- control field: 20160303145829.0
008 - FIXED-LENGTH DATA ELEMENTS
- fixed length control field: 160303|| aca||aabn | a|a d
040 ## - CATALOGING SOURCE
- Original cataloging agency: ARRUPE
- Transcribing agency: ARRUPE
130 ## - HEADING--UNIFORM TITLE
- Uniform title: Bible.
- Name of part/section of a work: Epistles of Paul
- General subdivision: Criticism, interpretation, etc.
670 ## - SOURCE DATA FOUND
- Source citation: Work cat.: (ARRUPE)0: Paul beyond the Judaism/Hellenism divide /, c2001.